<?xml version="1.0" encoding="UTF-8"?>
<collection xmlns="http://www.loc.gov/MARC21/slim">
<record>
  <controlfield tag="001">349234</controlfield>
  <controlfield tag="005">20240220173314.0</controlfield>
  <datafield tag="035" ind1=" " ind2=" ">
    <subfield code="a">G:(GEPRIS)533861617</subfield>
  </datafield>
  <datafield tag="024" ind1="7" ind2=" ">
    <subfield code="a">G:(GEPRIS)533861617</subfield>
    <subfield code="d">533861617</subfield>
  </datafield>
  <datafield tag="040" ind1=" " ind2=" ">
    <subfield code="a">GEPRIS</subfield>
    <subfield code="c">http://gepris.its.kfa-juelich.de</subfield>
  </datafield>
  <datafield tag="150" ind1=" " ind2=" ">
    <subfield code="a">Kontrolle von abnormalen TDP-43-Phasenübergängen durch die selektive Autophagie-Maschinerie (F04*)</subfield>
    <subfield code="y">2024 -</subfield>
  </datafield>
  <datafield tag="371" ind1=" " ind2=" ">
    <subfield code="a">Professorin Dr. Dorothee Dormann</subfield>
  </datafield>
  <datafield tag="371" ind1=" " ind2=" ">
    <subfield code="a">Professor Dr. Gerhard Hummer</subfield>
  </datafield>
  <datafield tag="450" ind1=" " ind2=" ">
    <subfield code="a">SFB 1177 F04</subfield>
    <subfield code="w">d</subfield>
    <subfield code="y">2024 -</subfield>
  </datafield>
  <datafield tag="510" ind1="1" ind2=" ">
    <subfield code="a">Deutsche Forschungsgemeinschaft</subfield>
    <subfield code="0">I:(DE-588b)2007744-0</subfield>
    <subfield code="b">DFG</subfield>
  </datafield>
  <datafield tag="550" ind1=" " ind2=" ">
    <subfield code="0">G:(GEPRIS)259130777</subfield>
    <subfield code="a">SFB 1177: Molekulare und funktionale Charakterisierung der selektiven Autophagie</subfield>
    <subfield code="w">t</subfield>
  </datafield>
  <datafield tag="680" ind1=" " ind2=" ">
    <subfield code="a">Die Bildung von TDP-43 (TAR-DNA-bindendes Protein von 43 kDa)-Aggregaten bei amyotropher Lateralsklerose (ALS) und frontotemporaler Demenz (FTD) könnten durch aberrante Phasenübergänge verursacht werden. Durch Kombination von in vitro, zellulären und computergestützten Studien werden wir erforschen, wie die selektive Autophagie-Maschinerie unterschiedliche TDP-43-Kondensate erkennt und behandelt (von flüssigen zu festeren Formen) und wie aberrante TDP-43-Kondensate und andere Proteinaggregate den autophagischen Fluss beeinflussen.</subfield>
  </datafield>
  <datafield tag="909" ind1="C" ind2="O">
    <subfield code="o">oai:juser.fz-juelich.de:1022823</subfield>
    <subfield code="p">authority:GRANT</subfield>
    <subfield code="p">authority</subfield>
  </datafield>
  <datafield tag="980" ind1=" " ind2=" ">
    <subfield code="a">G</subfield>
  </datafield>
  <datafield tag="980" ind1=" " ind2=" ">
    <subfield code="a">AUTHORITY</subfield>
  </datafield>
  <datafield tag="909" ind1="C" ind2="O">
    <subfield code="o">oai:juser.fz-juelich.de:1022823</subfield>
  </datafield>
</record>
</collection>